Statistiques concernant Les 10 joueurs Français avec le meilleur ratio de passes dècisives.

Cliquez ici pour prendre le quiz!

Statistiques générales

  • Ce quiz a été pris 108 fois
  • Le résultat moyen est 8 sur 10

Statistiques - réponses

RatioJoueursClubs% Correct
0.31Kylian MbappeMonaco
PSG
99%
0.24Ousmane DembeleRennes
Dortmund
Barca
93%
0.26Thierry HenryMonaco
Juventus
Arsenal
Barca
New York RB
88%
0.26Zinedine ZidaneCannes
Bordeaux
Juventus
Real
88%
0.27Franck RiberyMetz
Galatasaray
Marseille
Bayern
Fiorentina
Salernitana
86%
0.22Dimitri PayetNantes
Saint-Etienne
Lille
Marseille
West Ham
85%
0.22Mathieu ValbuenaLibourne
Marseille
Dynamo Moscou
Lyon
Fenerbahce
Olympiakos
78%
0.22Randal Kolo MuaniBoulogne
Nantes
Eintracht
76%
0.24Moussa DiabyPSG
Leverkusen
69%
0.23Bradley BarcolaLyon
23%

Distribution des résultats

Percentile par nombre de réponses

% des personnes avec chaque résultat

Votre développement - résultats

Vous n’avez pas pris ce quiz